KUTTAKARASIROMANC OF DEVARAJA : SANSKRIT TEXT WITH ENGLISH TRANSLATION ,NOTE AND APPLENDICES (Record no. 9051)

MARC details
000 -LEADER
fixed length control field 00465nam a22001577a 4500
005 - DATE AND TIME OF LATEST TRANSACTION
control field 20260227124423.0
008 - FIXED-LENGTH DATA ELEMENTS--GENERAL INFORMATION
fixed length control field 260227b |||||||| |||| 00| 0 eng d
041 ## - LANGUAGE CODE
Language code of text/sound track or separate title eng
082 ## - DEWEY DECIMAL CLASSIFICATION NUMBER
Classification number 510.954 HAV-K
100 ## - MAIN ENTRY--AUTHOR NAME
Personal name HAYASHI, TAKAO
245 ## - TITLE STATEMENT
Title KUTTAKARASIROMANC OF DEVARAJA : SANSKRIT TEXT WITH ENGLISH TRANSLATION ,NOTE AND APPLENDICES
260 ## - PUBLICATION, DISTRIBUTION, ETC. (IMPRINT)
Place of publication NEW DELHI
Name of publisher INDIAN NATIONAL SCIENCE ACADEMY
Year of publication 2011
300 ## - PHYSICAL DESCRIPTION
Number of Pages 192;P
650 ## - SUBJECT ADDED ENTRY--TOPICAL TERM
Topical Term BGP
942 ## - ADDED ENTRY ELEMENTS (KOHA)
Koha item type Books
Holdings
Lost status Damaged status Collection code Home library Current library Shelving location Date acquired Source of acquisition Cost, normal purchase price Full call number Accession Number Koha item type
    BHARTIYA GYAN PARAMPARA JRU Library JRU Library KAUTILYA BOOK SANGRAH 27/02/2026 INDIAN NATIONAL SCIENCE ACADEMY 900.00 510.954 HAV-K 29287 Books